Impact of corporate governance on firm risk in indian stock market (Record no. 356790)

MARC details
000 -LEADER
fixed length control field 00542nam a2200205 4500
005 - DATE & TIME
control field 20240911124058.0
008 - FIXED-LENGTH DATA ELEMENTS--GENERAL INFORMATION
fixed length control field 240911b |||||||| |||| 00| 0 eng d
020 ## - ISBN
International Standard Book Number X
Price [n.p.]
040 ## - CATALOGING SOURCE
Original cataloging agency VIVEKANANDA LIBRARY
082 ## - DDC NUMBER
Classification number 380.954
Book Number S16I
100 ## - MAIN ENTRY--PERSONAL NAME
Personal name Shallu
245 ## - TITLE STATEMENT
Title Impact of corporate governance on firm risk in indian stock market
260 ## - PUBLICATION, DISTRIBUTION, ETC. (IMPRINT)
Name of publisher, distributor, etc Dept. of commerce, M D University,Rohtak
Date of publication, distribution, etc 2024
300 ## - PHYSICAL DESCRIPTION
Pages xiv, 194
650 ## - Subject
Subject Commerce
650 ## - Subject
Subject Stock market- India
700 ## - Added Entry Personal Name
Added Entry Personal Name Yadav, Mahender
942 ## - ADDED ENTRY ELEMENTS (KOHA)
Koha item type Thesis
Holdings
Withdrawn status Lost status Source of classification or shelving scheme Damaged status Not for loan Location (home branch) Sublocation or collection (holding branch) Shelving location Date acquired Koha issues (times borrowed) Koha full call number Accession No. Koha date last seen Copy number Koha item type
    Dewey Decimal Classification     VIVEKANANDA LIBRARY VIVEKANANDA LIBRARY Vivekananda Library 11/09/2024   380.954 S16I 410913 11/09/2024 R Thesis
© Designed and Maintained by Vivekananda Library, MDU Rohtak